| 000 | 00351cam a2200133ua 4500 | ||
|---|---|---|---|
| 020 | _a9788178088853 | ||
| 082 |
_a621.43 _bPUL/EN |
||
| 100 | _aPulkrabek, Willard . | ||
| 245 | _aEngineering fundamentals of internal combustion engine / | ||
| 250 | _a2 / | ||
| 260 |
_a Delhi: _bPearson Education Asia , _c2003. |
||
| 300 | _a411 ; . | ||
| 942 | _cBK | ||
| 999 |
_c13218 _d13218 |
||